[Event "Vrsar op"]
[Site "Vrsar"]
[Date "2025.05.04"]
[Round "9"]
[White "Knaus, Thomas"]
[Black "Lovrinic, Vlatko"]
[Result "1/2-1/2"]
[WhiteElo "1958"]
[BlackElo "1839"]
[PlyCount "27"]
[EventDate "2025.04.28"]
[EventType "swiss"]
[EventRounds "9"]
[EventCountry "CRO"]
[SourceTitle "CB19_2025"]
[SourceDate "2025.05.07"]
[SourceVersion "1"]
[SourceVersionDate "2025.05.07"]
[SourceQuality "1"]

1. d4 d5 2. Nc3 Nf6 3. Bf4 a6 4. e3 e6 5. g4 Bb4 6. Bd3 c5 7. dxc5 Qa5 8. Nge2 Qxc5 9. g5 Nfd7 10. a3 Bxc3+ 11. Nxc3 Nc6 12. Bg3 e5 13. 0-0 Nb6 14. Re1 1/2-1/2

[Event "Vrsar op"]
[Site "Vrsar"]
[Date "2025.05.02"]
[Round "6"]
[White "Knaus, Thomas"]
[Black "Ghersinich, Enrico"]
[Result "0-1"]
[WhiteElo "1958"]
[BlackElo "2228"]
[PlyCount "40"]
[EventDate "2025.04.28"]
[EventType "swiss"]
[EventRounds "9"]
[EventCountry "CRO"]
[SourceTitle "CB19_2025"]
[SourceDate "2025.05.07"]
[SourceVersion "1"]
[SourceVersionDate "2025.05.07"]
[SourceQuality "1"]

1. b3 d5 2. Bb2 Nf6 3. Nf3 Bf5 4. e3 e6 5. Nh4 Bg4 6. Be2 Bxe2 7. Qxe2 Nc6 8. f4 Bc5 9. Nf3 Qe7 10. Qb5 0-0-0 11. d4 Bd6 12. Ne5 Bxe5 13. dxe5 Ng4 14. Qe2 h5 15. Nd2 Qc5 16. Nf1 d4 17. h3 Nb4 18. exd4 Nxc2+ 19. Kd1 Nxd4 20. Bxd4 Qxd4+ 0-1